Catálogo

BIOTECHNOLOGY FROM A TO Z (Registro nro. 53294)

Detalles MARC
000 -LEADER
fixed length control field 00774nam a2200193 a 4500
001 - CONTROL NUMBER
control field 53294
005 - DATE AND TIME OF LATEST TRANSACTION
control field 20180714043507.0
008 - FIXED-LENGTH DATA ELEMENTS--GENERAL INFORMATION
fixed length control field 140415d 000 0 eng d
020 ## - INTERNATIONAL STANDARD BOOK NUMBER
International Standard Book Number 9780198524984
041 ## - LANGUAGE CODE
Language code of text/sound track or separate title eng
082 ## - DEWEY DECIMAL CLASSIFICATION NUMBER
Classification number 660.6
Item number BAI
100 1# - MAIN ENTRY--PERSONAL NAME
Personal name BAINS, WILLIAM
245 10 - TITLE STATEMENT
Title BIOTECHNOLOGY FROM A TO Z
250 ## - EDITION STATEMENT
Edition statement 3a ed.
260 ## - PUBLICATION, DISTRIBUTION, ETC.
Place of publication, distribution, etc. [s.l.] :
Name of publisher, distributor, etc. OXFORD UNIVERSIDY PRESS,
Date of publication, distribution, etc. [s.f.]
300 ## - PHYSICAL DESCRIPTION
Extent 216
Dimensions 15.7 x 2.3 x 23.4
520 ## - SUMMARY, ETC.
Summary, etc. BIOTECHNOLOGY IS ONE OF THE FASTEST GROWING, AND MOST CONTROVERSIAL AREAS OF SCIENCE AND TECHNOLOGY IN THE 21ST. CENTURY. THIS NEW EDITION OF BIOTECHNOLOGY FROM A TO Z PROVIDES A WONDERFULLY CLEAR AND ILLUMINATING GUIDE TO THE IDEAS AND TERMINOLOGY OF BIOTECHNOLOGY.
650 14 - SUBJECT ADDED ENTRY--TOPICAL TERM
Topical term or geographic name entry element BIOTECNOLOGIA
General subdivision DICCIONARIOS
Existencias
Withdrawn status Lost status Source of classification or shelving scheme Damaged status Not for loan Collection code Home library Current library Shelving location Date acquired Source of acquisition Inventory number Total Checkouts Full call number Barcode Date last seen Price effective from Koha item type
    Dewey Decimal Classification     General Biblioteca Karol Wojtyla Biblioteca Karol Wojtyla Sala general 03/12/2013 Compra 151000000000000000030792   660.6 BAI 2007 79347 05/01/2026 13/01/2015 Reserva permanente